Normal view MARC view

Entry Personal Name

Number of records used in: 1

001 - CONTROL NUMBER

  • control field: 32664

003 - CONTROL NUMBER IDENTIFIER

  • control field: OSt

005 - DATE AND TIME OF LATEST TRANSACTION

  • control field: 20211105135534.0

008 - FIXED-LENGTH DATA ELEMENTS

  • fixed length control field: 211105|| aca||aabn | a|a d

040 ## - CATALOGING SOURCE

  • Original cataloging agency: OSt
  • Transcribing agency: OSt

100 ## - HEADING--PERSONAL NAME

  • Personal name: Popovic , Luka., ed

670 ## - SOURCE DATA FOUND

  • Source citation: Work cat.: (OSt): Annual International Astrophysics Conference on Turbulence and nonlinear Processes in Astrophysical Plasmas 6th Sremski Karlovci 2007 June 11-15 32661, Spectral line shapes in Astrophysics, 2007

Powered by Koha